000 00488nam a2200169Ia 4500
999 _c413
_d413
003 OSt
005 20210906125521.0
008 190216s9999||||xx |||||||||||||| ||und||
040 _coclc
082 _a297.1225
_bBAY/Q
100 _aBayooni, Abdul Haleem
_98786
245 0 _aAl Qur An Al Kareem /
_cAbdul Haleem Bayooni
260 _bDarul Kuthub Ul I`Lmiyyah,
_aBeirut:
300 _a528p
650 _aArabic
942 _cBK
_2ddc
_h297.1225
_iBAY/Q
_k297.1225
_mBAY/Q